PERSONAL FINANCIAL PLANNING (Record no. 16430)

MARC details
000 -LEADER
fixed length control field 00390nam a2200145Ia 4500
008 - FIXED-LENGTH DATA ELEMENTS--GENERAL INFORMATION
fixed length control field 240624s9999 xx 000 0 und d
041 ## - LANGUAGE CODE
Language code of text/sound track or separate title eng
082 ## - DEWEY DECIMAL CLASSIFICATION NUMBER
Classification number 658.15 GIT
100 ## - MAIN ENTRY--PERSONAL NAME
Personal name GITMAN LAWRENCE J
245 ## - TITLE STATEMENT
Title PERSONAL FINANCIAL PLANNING
250 ## - EDITION STATEMENT
Edition statement (9th ed.)
260 ## - PUBLICATION, DISTRIBUTION, ETC.
Date of publication, distribution, etc. 2002
Place of publication, distribution, etc. Australia
Name of publisher, distributor, etc. South Western Thomson Learning
300 ## - PHYSICAL DESCRIPTION
Extent xxvi, : 709 : p. : cm. ; 26
365 ## - TRADE PRICE
Currency code RS
Price amount 30
Holdings
Withdrawn status Lost status Damaged status Not for loan Home library Current library Shelving location Date acquired Source of acquisition Cost, normal purchase price Full call number Barcode Date last seen Copy number Price effective from Koha item type
        IMTN IMTN Rack 23-A 01/05/2011 BB 2500.00 658.15 GIT 16430 06/24/2024 1 06/24/2024 Books
Designed & Maintained by: LRC IMT Nagpur Contact: lrc@imtnag.ac.in© 2024. All Rights Reserved.